|
|
|
|
| LEADER |
00000nam a2200000 a 4500 |
| 001 |
vtls001425281 |
| 003 |
SK-MaSNL |
| 005 |
20260301202559.0 |
| 008 |
240318s2001 xo ap r yy slo |
| 015 |
|
|
|a SNBA2002/03-01124
|
| 020 |
|
|
|a 8071390763
|
| 035 |
|
|
|a SNK000380174
|
| 035 |
|
|
|a urn:nbn:sk:snk-amyapw
|
| 035 |
|
|
|a urn:nbn:sk:snk-am00c8c3
|
| 035 |
|
|
|a 7AAC185A-48D3-4B6B-82EF-968281947D84
|
| 040 |
|
|
|a SNK
|b slo
|c SNK
|e AACR2
|
| 041 |
0 |
|
|a slo
|
| 044 |
|
|
|a xo
|c SK
|
| 080 |
|
|
|a 631:338.43(075.4)
|2 1981
|
| 080 |
|
|
|a 338.43(075.4)
|2 1981
|
| 100 |
1 |
|
|a Podolák, Alojz,
|d 1936-
|4 aut
|9 211647
|
| 245 |
1 |
0 |
|a Agrárna politika
|c [autori: Alojz Podolák, Pavel Stehlo]
|
| 260 |
|
|
|a Nitra
|b Agroinštitút
|c 2001
|
| 300 |
|
|
|a 122 s.
|b tab.
|c 30 cm
|
| 500 |
|
|
|a 100 výt.
|
| 504 |
|
|
|a Údaj o aut. prevzatý z rubu tit. strany
|
| 650 |
0 |
7 |
|a politika agrárna
|x texty učebné
|2 SNK
|9 584829
|
| 655 |
|
7 |
|a učebnice
|2 SNK
|9 22521
|
| 700 |
1 |
|
|a Stehlo, Pavel
|4 aut
|9 392102
|
| 919 |
|
|
|a 80-7139-076-3
|
| 958 |
|
|
|a TL
|
| 958 |
|
|
|a NB
|
| 958 |
|
|
|a UV
|
| 958 |
|
|
|a OND
|
| 999 |
|
|
|c 899342
|d 901272
|
| 952 |
|
|
|t P60, <03>, [BOOK], {603}
|a SNK
|b SNK
|y PREZ
|7 0
|p 17A0324692
|o snkSB 64223
|i snkKSP 13589/2001
|0 0
|1 0
|4 0
|d 2001-11-30
|f 1
|l 0
|r 2025-04-17 00:00:00
|w 2026-02-24
|
| 952 |
|
|
|t P60, <04>, [BOOK], {604}
|a SNK
|b SNK
|y VYP
|7 0
|p 17A0324693
|o snkSB 64223 D1
|i snkKSP 13590/2001
|0 0
|1 0
|4 0
|d 2001-11-30
|l 0
|r 2005-01-02 00:00:00
|w 2026-02-24
|